[Event "POR-ch prel"]
[Site "Lisbon"]
[Date "2013.07.20"]
[Round "8.27"]
[White "Alves, Luis Miguel Guerrei"]
[Black "Assuncao, Jose Manuel Lopes"]
[Result "1-0"]
[WhiteElo "1857"]
[BlackElo "1589"]
[PlyCount "87"]
[EventDate "2013.07.15"]
[EventType "swiss"]
[EventRounds "9"]
[EventCountry "POR"]
[SourceTitle "EXT 2015"]
[Source "ChessBase"]
[SourceDate "2014.11.20"]
[SourceVersion "1"]
[SourceVersionDate "2014.11.20"]
[SourceQuality "1"]

1. c4 e5 2. Nc3 c6 3. Nf3 Bd6 4. Ne4 Bc7 5. c5 Qe7 6. Qc2 Nf6 7. Nxf6+ Qxf6 8. b4 0-0 9. d3 h6 10. Bb2 Re8 11. Nd2 d5 12. cxd6 Bxd6 13. a3 Bf5 14. g3 Qd8 15. Bg2 Nd7 16. 0-0 Nb6 17. Nf3 f6 18. Nh4 Bh7 19. a4 Kh8 20. b5 Rc8 21. bxc6 Re7 22. a5 Nd7 23. Ba3 Nb8 24. Bxd6 Qxd6 25. Qa4 bxc6 26. a6 Rec7 27. Rfc1 Qd4 28. Rc4 Qb6 29. Rb4 Qc5 30. Rab1 Nd7 31. Rc4 Nb6 32. Qb4 Qxb4 33. Rcxb4 Nd5 34. Rb8 Kg8 35. Bh3 Rxb8 36. Be6+ Kf8 37. Rxb8+ Ke7 38. Bh3 Kf7 39. Bg2 g5 40. Nf3 e4 41. dxe4 Bxe4 42. Nxg5+ hxg5 43. Bxe4 Ne7 44. Rb7 1-0

[Event "POR-ch prel"]
[Site "Lisbon"]
[Date "2013.07.17"]
[Round "3.31"]
[White "Cavadas, Francisco Manuel Si"]
[Black "Assuncao, Jose Manuel Lopes"]
[Result "1-0"]
[WhiteElo "1675"]
[BlackElo "1589"]
[PlyCount "93"]
[EventDate "2013.07.15"]
[EventType "swiss"]
[EventRounds "9"]
[EventCountry "POR"]
[SourceTitle "EXT 2015"]
[Source "ChessBase"]
[SourceDate "2014.11.20"]
[SourceVersion "1"]
[SourceVersionDate "2014.11.20"]
[SourceQuality "1"]

1. e4 d6 2. d4 Nf6 3. Nc3 g6 4. Nf3 Bg7 5. Be2 0-0 6. 0-0 Re8 7. Bg5 h6 8. Be3 b6 9. h3 Bb7 10. d5 c6 11. Qd2 Kh7 12. Rad1 cxd5 13. exd5 Nbd7 14. Bd4 Nc5 15. Qe3 a6 16. a4 Nh5 17. Bxg7 Nxg7 18. Nd4 Qc8 19. Rfe1 Nf5 20. Nxf5 Qxf5 21. b4 Nd7 22. Bg4 Qf6 23. Bxd7 Rf8 24. Bc6 Rab8 25. Qd4 Kg8 26. Qxf6 exf6 27. b5 Bc8 28. Ne4 Rd8 29. Nxf6+ Kg7 30. Re8 Bf5 31. Rxd8 Rxd8 32. Ne8+ Kf8 33. Re1 a5 34. Nf6 Bxc2 35. Ra1 Ke7 36. Ng4 h5 37. Ne3 Bd3 38. Rd1 Be4 39. Re1 Kf8 40. Nc4 f5 41. Nxb6 Bc2 42. Nd7+ Kf7 43. b6 Be4 44. b7 Ke7 45. f3 Rxd7 46. Bxd7 Kxd7 47. b8Q 1-0

[Event "POR-ch Seniors"]
[Site "Fatima"]
[Date "2013.03.25"]
[Round "2.12"]
[White "Assuncao, Jose Manuel Lopes"]
[Black "Lopes, Jose Espirito Santo"]
[Result "1-0"]
[WhiteElo "1609"]
[BlackElo "1316"]
[PlyCount "69"]
[EventDate "2013.03.23"]
[EventType "swiss"]
[EventRounds "7"]
[EventCountry "POR"]
[SourceTitle "EXT 2015"]
[Source "ChessBase"]
[SourceDate "2014.11.20"]
[SourceVersion "1"]
[SourceVersionDate "2014.11.20"]
[SourceQuality "1"]

1. d4 d5 2. c4 e6 3. Nc3 Nf6 4. Bg5 b6 5. cxd5 exd5 6. Bxf6 Qxf6 7. Nxd5 Qd6 8. Nc3 c6 9. e3 Qb4 10. Qc2 b5 11. a3 Bf5 12. Qd2 Qd6 13. g3 Be7 14. Bg2 Nd7 15. Nxb5 cxb5 16. Bxa8 0-0 17. Bg2 Nb6 18. Ne2 Rc8 19. Nc3 Nc4 20. Nxb5 Qb6 21. Qe2 Qxb5 22. 0-0 Qxb2 23. Qxb2 Nxb2 24. e4 Bd7 25. Rfb1 Nc4 26. Rb7 Bxa3 27. Rxd7 Nd2 28. Rxa7 Bd6 29. e5 Bb8 30. Ra8 g6 31. Bd5 Rd8 32. R1a2 Nb1 33. Rb2 Nc3 34. Rbxb8 Ne2+ 35. Kf1 1-0